LIBRARY & INFORMATION CENTRE, KCAET, TAVANUR

ONLINE PUBLIC ACCESS CATALOGUE (OPAC)

Food Mixing: Principles and Applications (Record no. 14481)

MARC details
000 -LEADER
fixed length control field 00288nam a22001217a 4500
020 ## - INTERNATIONAL STANDARD BOOK NUMBER
ISBN 9788126551491
082 ## - DEWEY DECIMAL CLASSIFICATION NUMBER
Classification number 664.
Item number CUL/FO
245 ## - TITLE STATEMENT
Title Food Mixing: Principles and Applications
260 ## - PUBLICATION, DISTRIBUTION, ETC. (IMPRINT)
Place of publication New Delhi
Name of publisher Wiley India
Year of publication 2014
300 ## - PHYSICAL DESCRIPTION
Number of Pages 292
700 ## - ADDED ENTRY--PERSONAL NAME
Personal name Cullen,P J.
942 ## - ADDED ENTRY ELEMENTS (KOHA)
Koha item type Books
Holdings
Withdrawn status Lost status Damaged status Collection code Home library Current library Shelving location Date acquired Source of acquisition Cost, normal purchase price Full call number Accession Number Koha item type
        KAUAET KAUAET General Stacks 08/07/2016 Arunima Book Distributors, TVPM 4995.00 664. CUL/FO 24817 Books
free website counter